Masterminds of programming (Record no. 12122)

000 -LEADER
fixed length control field 02389cam a22004337a 4500
001 - CONTROL NUMBER
control field 16257629
005 - DATE AND TIME OF LATEST TRANSACTION
control field 20170105102355.0
008 - FIXED-LENGTH DATA ELEMENTS--GENERAL INFORMATION
fixed length control field 100528s2009 cau 001 0 eng d
010 ## - LIBRARY OF CONGRESS CONTROL NUMBER
LC control number 2010459176
020 ## - INTERNATIONAL STANDARD BOOK NUMBER
International Standard Book Number 0596515170 (pbk.)
020 ## - INTERNATIONAL STANDARD BOOK NUMBER
International Standard Book Number 9780596515171
035 ## - SYSTEM CONTROL NUMBER
System control number (OCoLC)ocn156831755
040 ## - CATALOGING SOURCE
Original cataloging agency BTCTA
Transcribing agency BTCTA
Modifying agency BAKER
-- YDXCP
-- CDX
-- BWX
-- BKL
-- HCO
-- ORX
-- VP@
-- NLGGC
-- VVC
-- SNK
-- TFW
-- DLC
042 ## - AUTHENTICATION CODE
Authentication code lccopycat
050 00 - LIBRARY OF CONGRESS CALL NUMBER
Classification number QA76.6
Item number .M3195 2009
082 04 - DEWEY DECIMAL CLASSIFICATION NUMBER
Classification number 005.1
Edition number 22
084 ## - OTHER CLASSIFICATION NUMBER
Number source bcl
084 ## - OTHER CLASSIFICATION NUMBER
Number source bcl
245 00 - TITLE STATEMENT
Title Masterminds of programming
Statement of responsibility, etc. Federico Biancuzzi
250 ## - EDITION STATEMENT
Edition statement 1st ed.
260 ## - PUBLICATION, DISTRIBUTION, ETC.
Place of publication, distribution, etc. Sebastopol, CA :
Name of publisher, distributor, etc. O'Reilly,
Date of publication, distribution, etc. 2009.
300 ## - PHYSICAL DESCRIPTION
Extent xii, 480 p. ;
Dimensions 24 cm.
500 ## - GENERAL NOTE
General note "Conversations with the creators of major programming languages"--Cover.
500 ## - GENERAL NOTE
General note Includes index.
505 0# - FORMATTED CONTENTS NOTE
Formatted contents note C++ / Bjarne Stroustrup -- Python / Guido von Rossum -- APL / Adin D. Falkoff -- Forth / Charles D. Moore -- BASIC / Thomas E. Kurtz -- AWK / Alfred Aho, Peter Weinberger, and Brian Kernighan -- Lua / Luiz Henrique de Figueiredo and Roberto Ierusalimschy -- Haskell / Simon Peyton Jones ... [et al.] -- ML / Robin Milner -- SQL / Don Chamberlin -- Objective-C / Brad Cox and Tom Love -- Java / James Gosling -- C# / Anders Hejlsberg -- UML / Ivar Jacobson, James Rumbaugh, and Grady Booch -- Perl / Larry Wall -- PostScript / Charles Geschke and John Warnock -- Eiffel / Betrand Meyer.
520 1# - SUMMARY, ETC.
Summary, etc. "Masterminds of Programming features exclusive interviews with the creators of several historic and highly influential programming languages. In this interview collection, you'll learn about the processes that led to specific design decisions, including the goals these pioneers had in mind, the trade-offs they had to make, and how their experiences have made an impact on programming today."--P. [4] of cover.
650 #0 - SUBJECT ADDED ENTRY--TOPICAL TERM
Topical term or geographic name entry element Computer programming.
650 #0 - SUBJECT ADDED ENTRY--TOPICAL TERM
Topical term or geographic name entry element Programming languages (Electronic computers)
650 #0 - SUBJECT ADDED ENTRY--TOPICAL TERM
Topical term or geographic name entry element Computer algorithms.
650 #0 - SUBJECT ADDED ENTRY--TOPICAL TERM
Topical term or geographic name entry element Computer programmers
Form subdivision Interviews.
650 17 - SUBJECT ADDED ENTRY--TOPICAL TERM
Topical term or geographic name entry element Programmeertalen.
Source of heading or term gtt
650 17 - SUBJECT ADDED ENTRY--TOPICAL TERM
Topical term or geographic name entry element Informatici.
Source of heading or term gtt
650 17 - SUBJECT ADDED ENTRY--TOPICAL TERM
Topical term or geographic name entry element Ontwerpers.
Source of heading or term gtt
700 1# - ADDED ENTRY--PERSONAL NAME
Personal name Biancuzzi, Federico.
700 1# - ADDED ENTRY--PERSONAL NAME
Personal name Warden, Shane.
906 ## - LOCAL DATA ELEMENT F, LDF (RLIN)
a 7
b cbc
c copycat
d 2
e ncip
f 20
g y-gencatlg
942 ## - ADDED ENTRY ELEMENTS (KOHA)
Source of classification or shelving scheme
Koha item type Book
Holdings
Withdrawn status Lost status Damaged status Not for loan Collection code Permanent Location Current Location Shelving location Date acquired Source of acquisition Cost, normal purchase price Total Checkouts Full call number Barcode Date last seen Date last checked out Price effective from Koha item type
          Central Library (CL) Central Library (CL) First Floor - Software Engineering/ Programming Language 07/17/2013 Allied Book Company 770.40 1 005.1 BIA SEECS012612 04/07/2023 09/28/2014 07/18/2013 Book
© 2023 Central Library, National University of Sciences and Technology. All Rights Reserved.